01592nam a2200253 a 4500003000400000005001700004008003900021040002500060082002100085110007100106245006100177260006500238300001800303500007400321505059100395590002600986650002401012650006501036910001701101942001301118952017901131956001101310999001701321OSt20240506193024.0190812s1982 dr 000 spa d aDO-SdBNPbspacBNPHU a363.87293bR426p2 aRepública DominicanabOficina Nacional de Planificación 9929310aPrimer Plan Nacional de Alimentación y Nutrición h  aSanto Domingo :c1982.bOficina Nacional de Planificación  av. ;c26 cm.  aIncluye referencias bibliográficas y notas al pie de las páginas 0 aSíntesis de la situación socio-económica -- Antecedentes -- Marco conceptual -- La situación en la República Dominicana -- Análisis de acciones sectoriales -- Hacia una estrategia alimentaria y nutricional -- Antecedentes para la formulación de políticas -- Bases y sugerencias para una política nacional de alimentación y nutrición -- Aspectos programáticos globales -- Programas y proyectos del Plan de Alimentación y Nutrición -- Costos y necesidades de financiamiento de los programas y proyectos para El Plan Nacional de Alimentación y Nutrición. aInventariado, 2020/VM 0aNutrición 912779 72LembaPolítica nutricional zRepública Dominicana976717 aEn proceso  2ddccLF1 00102ddc53728MOaBNPHUbPDd2020-09-30l0o363.87293 R426pp2020-0064r2020-09-30tv.1w2020-09-30yLF1zPerteneció a la biblioteca personal de la familia Reyes Duluc  aVMateo c48776d48776